000 00656nam a22002057a 4500
999 _c181947
_d181947
005 20211011160756.0
010 _aB-741737
020 _c399.00
_a9789351951841
035 _aB-741737
037 _bGift
082 _a910
100 _aRao, Ranjini
245 _aHistory Dishtory /
_cby- Ranjini Rao [and] Ruchira Ramanujam
260 _aGurugram
_bHachette Book Publishing
_c2021
270 _a4th and 5th Floors, Corporate Centre, Plot No.94
_bGurugram
_e122003
300 _avi,130p.
_c21cm(pbk)
_bill
700 _aRamanujam,Ruchira
942 _2ddc
_cCH
_h910
_mRAO